| 000 | 00531nam a2200169 4500 | ||
|---|---|---|---|
| 001 | 107725 | ||
| 003 | ES-MaACL | ||
| 005 | 20230906184458.0 | ||
| 007 | t| | ||
| 008 | 061121s1910 it r ||||1| ita d | ||
| 100 | 1 |
_aMosso, Angelo. _983806 |
|
| 245 | 1 | 3 |
_aLa preistoria / _cAngelo Mosso. |
| 260 |
_aMilano : _bFratelli Trevas, _c1910. |
||
| 300 |
_a2v., 4 lám ; _c25 cm. |
||
| 505 | 8 | _aContiene: I- Escursioni nel Medirerraneo e gli scavi di Creta. II- Le origini della civilitá mediterranea. | |
| 852 |
_aES-MaACL _jF-4795-96 |
||
| 999 |
_c107725 _d107725 |
||